[Event "AUTO-INT-1412"]
[Site "http://www.queenalice.com/game.php?id=635156"]
[Date "2009.8.12"]
[Round "1"]
[White "c6"]
[Black "vult0"]
[Result "0-1"]
[WhiteElo "1409"]
[BlackElo "1780"]

1. e4 e5 2. Nf3 d6 3. Bc4 h6 4. O-O Nc6 5. d4 Bg4 6. c3 Nf6 7. Re1 Be7 8. d5 Na5
9. Bb5+ c6 10. dxc6 Nxc6 11. Nbd2 O-O 12. h3 Bh5 13. Nf1 Bg6 14. Ng3 Nh7 15. Be3
f6 16. Nh4 Be8 0-1

[Event "AUTO-INT-1412"]
[Site "http://www.queenalice.com/game.php?id=635157"]
[Date "2009.8.12"]
[Round "1"]
[White "vult0"]
[Black "c6"]
[Result "1-0"]
[WhiteElo "1778"]
[BlackElo "1411"]

1. e4 c6 2. d4 d5 3. e5 Bf5 4. Nf3 e6 5. Be2 h6 6. Nc3 Nd7 7. Be3 c5 8. Bb5 cxd4
9. Nxd4 Bg6 10. O-O a6 11. Ba4 Rc8 12. f4 Bc5 13. Nce2 Ne7 14. c3 O-O 15. b4 Bb6
16. Ng3 1-0

[Event "AUTO-INT-1413"]
[Site "http://www.queenalice.com/game.php?id=635696"]
[Date "2009.8.13"]
[Round "1"]
[White "c6"]
[Black "Givanildo"]
[Result "1-0"]
[WhiteElo "1766"]
[BlackElo "1466"]

1. e4 e5 2. Nf3 d6 3. Bc4 h6 4. O-O Bg4 5. Nc3 c6 6. h3 Bxf3 7. Qxf3 Nf6 8. d3
b5 9. Bb3 a5 10. a3 a4 11. Ba2 d5 12. exd5 cxd5 13. Nxd5 e4 14. Re1 Be7 15.
Nxf6+ gxf6 16. Rxe4 Nd7 17. Bf4 f5 18. Rd4 Qb6 19. Qxa8+ Nb8 20. Qxb8+ Qxb8 21.
Bxb8 f6 22. Re1 Kf8 23. Bd6 Bxd6 24. Rxd6 Kg7 25. Re7+ Kg6 26. f4 Rc8 27. Bf7+
Kg7 28. Be6+ Kg6 29. Bxc8 Kh5 30. Rxf6 b4 31. Rxf5+ Kh4 32. Kh2 h5 33. Rh7 bxa3
34. Rhxh5# 1-0

[Event "AUTO-INT-1413"]
[Site "http://www.queenalice.com/game.php?id=635697"]
[Date "2009.8.13"]
[Round "1"]
[White "Givanildo"]
[Black "c6"]
[Result "1-0"]
[WhiteElo "1408"]
[BlackElo "1428"]

1. e4 c6 2. Bc4 d5 3. exd5 cxd5 4. Bb5+ Bd7 5. Bxd7+ Qxd7 6. d3 Nc6 7. c3 Nf6 8.
f3 e6 9. Qe2 Bd6 10. Bg5 Be7 11. Bxf6 Bxf6 12. Nh3 O-O 13. Nf4 Qe7 14. O-O Qc5+
15. d4 Nxd4 16. Qd3 Nc2+ 17. Kh1 Nxa1 18. b4 Qc4 19. Qd1 Qxf4 20. Nd2 Bxc3 21.
g3 Qxd2 22. Qxd2 Bxd2 23. Rxa1 Bxb4 24. Rb1 a5 25. a3 Bxa3 26. Rxb7 Rfc8 27. h4
Rc2 28. f4 Rac8 29. Rb1 Rc1+ 30. Rxc1 Rxc1+ 31. Kh2 d4 32. Kg2 1-0

[Event "AUTO-INT-1413"]
[Site "http://www.queenalice.com/game.php?id=635698"]
[Date "2009.8.13"]
[Round "1"]
[White "c6"]
[Black "Liesel"]
[Result "0-1"]
[WhiteElo "1392"]
[BlackElo "1659"]

1. e4 e5 2. Nf3 Nc6 3. Bb5 a6 4. Ba4 Nf6 5. O-O Be7 6. c3 O-O 7. Re1 d5 8. Bxc6
bxc6 9. exd5 cxd5 10. Nxe5 Bb7 11. d4 c5 12. Be3 Re8 13. dxc5 Qb8 14. Qd4 Bxc5
15. Qxc5 Qxe5 16. Nd2 Ng4 0-1

[Event "AUTO-INT-1413"]
[Site "http://www.queenalice.com/game.php?id=635699"]
[Date "2009.8.13"]
[Round "1"]
[White "Liesel"]
[Black "c6"]
[Result "1-0"]
[WhiteElo "1664"]
[BlackElo "1387"]

1. e4 c6 2. d4 d5 3. Nc3 dxe4 4. Nxe4 Bf5 5. Ng3 Bg6 6. h4 h6 7. Nf3 Nd7 8. h5
Bh7 9. Bd3 Bxd3 10. Qxd3 Ngf6 11. Bd2 e6 12. O-O-O Bd6 13. Rhe1 O-O 14. Ne5 1-0

[Event "AUTO-INT-1413"]
[Site "http://www.queenalice.com/game.php?id=635700"]
[Date "2009.8.13"]
[Round "1"]
[White "c6"]
[Black "peace"]
[Result "0-1"]
[WhiteElo "1532"]
[BlackElo "1604"]

1. e4 e5 2. Nf3 Nf6 3. Nxe5 Nxe4 4. Qe2 d5 5. d3 Nd6 6. Nc6+ Be7 7. Nxd8 Kxd8 8.
Bf4 Be6 9. Nc3 Nc6 10. Bxd6 Bxd6 11. g3 Re8 12. Qd2 Nd4 13. O-O-O Nf3 0-1

[Event "AUTO-INT-1413"]
[Site "http://www.queenalice.com/game.php?id=635701"]
[Date "2009.8.13"]
[Round "1"]
[White "peace"]
[Black "c6"]
[Result "1-0"]
[WhiteElo "1590"]
[BlackElo "1546"]

1. Nc3 c6 2. Nf3 d5 3. d4 Nf6 4. g3 Bg4 5. h3 Bxf3 6. exf3 Nbd7 7. Bd2 Qb6 8. b3
Qxd4 9. Bg2 e6 10. a3 Qe5+ 11. Qe2 Bd6 12. Qxe5 Bxe5 13. O-O-O 1-0

[Event "AUTO-INT-1414"]
[Site "http://www.queenalice.com/game.php?id=636288"]
[Date "2009.8.14"]
[Round "1"]
[White "c6"]
[Black "El_Pagano1313"]
[Result "1-0"]
[WhiteElo "1773"]
[BlackElo "1499"]

1. e4 e5 2. Nf3 Nc6 3. Bb5 d6 4. O-O Bd7 5. c3 Nf6 6. Re1 Nb8 7. Bc4 h6 8. d4 c6
9. Nbd2 Qe7 10. Nf1 d5 11. exd5 e4 12. Ng3 cxd5 13. Bxd5 Qd8 14. Bxb7 Nc6 15.
Bxa8 Qxa8 16. Nxe4 Ng4 17. Nc5+ Be7 18. Nxd7 Kxd7 19. Bf4 Bg5 20. Ne5+ Ngxe5 21.
Bxe5 f6 22. Bg3 Re8 23. f4 Rxe1+ 24. Qxe1 a5 25. fxg5 hxg5 26. Qe4 a4 27. Re1
Kc8 28. Qe8+ Nd8 29. Re7 Qc6 30. Rc7+ Qxc7 31. Bxc7 a3 32. Qxd8+ Kb7 33. bxa3
1-0

[Event "AUTO-INT-1414"]
[Site "http://www.queenalice.com/game.php?id=636289"]
[Date "2009.8.14"]
[Round "1"]
[White "El_Pagano1313"]
[Black "c6"]
[Result "0-1"]
[WhiteElo "1529"]
[BlackElo "1798"]

1. e4 c6 2. e5 d5 3. d4 Bf5 4. Nf3 e6 5. Nc3 h6 6. Nh4 Qxh4 7. Be3 Bb4 8. a3 Ba5
9. b4 Bb6 10. g3 Qd8 11. a4 Ne7 12. a5 Bc7 13. b5 Nd7 14. bxc6 bxc6 15. a6 Bb6
16. Na4 O-O 17. c3 Bc7 18. Rb1 Bxb1 19. Qxb1 Rb8 20. Qc2 Nb6 21. Nc5 Nc4 22. Nb7
Qd7 23. Bxc4 dxc4 24. Nc5 Qd5 25. O-O Nf5 26. Bf4 Bb6 27. Na4 c5 28. Nxb6 Rxb6
29. Ra1 Rfb8 30. g4 Rb2 31. Qc1 Qf3 32. Qf1 Qxg4+ 33. Kh1 Qf3+ 34. Kg1 Qxf4 35.
h3 Rd2 36. Ra5 Rbb2 37. Rxc5 Rxf2 0-1

[Event "AUTO-INT-1414"]
[Site "http://www.queenalice.com/game.php?id=636292"]
[Date "2009.8.14"]
[Round "1"]
[White "c6"]
[Black "devagar"]
[Result "0-1"]
[WhiteElo "1576"]
[BlackElo "1962"]

1. e4 c5 2. Nf3 Nc6 3. c3 d6 4. Bb5 g6 5. O-O Bg7 6. d4 cxd4 7. Nxd4 Bd7 8. Bg5
Nf6 9. Re1 O-O 10. Nf3 a6 11. Bc4 b5 12. Bb3 b4 13. Qd2 bxc3 14. Nxc3 Qb6 15.
Bh6 Rac8 16. Bxg7 Kxg7 17. e5 dxe5 18. Nxe5 Nxe5 0-1

[Event "AUTO-INT-1414"]
[Site "http://www.queenalice.com/game.php?id=636293"]
[Date "2009.8.14"]
[Round "1"]
[White "devagar"]
[Black "c6"]
[Result "1-0"]
[WhiteElo "1964"]
[BlackElo "1574"]

1. e4 c6 2. Nf3 d5 3. exd5 cxd5 4. d4 Nc6 5. Bb5 a6 6. Bxc6+ bxc6 7. O-O Bg4 8.
Nbd2 Nf6 9. h3 Bh5 10. Qe1 e6 11. c3 c5 12. Qe3 Rc8 13. Ne5 cxd4 14. Qxd4 Qa5
15. Nb3 Qb5 16. Qa7 1-0

[Event "AUTO-INT-1415"]
[Site "http://www.queenalice.com/game.php?id=636840"]
[Date "2009.8.15"]
[Round "1"]
[White "sphagnis"]
[Black "c6"]
[Result "1-0"]
[WhiteElo "1507"]
[BlackElo "1654"]

1. e4 c6 2. d4 d5 3. e5 Bf5 4. Bd3 Bxd3 5. Qxd3 e6 6. Nf3 Nd7 7. Bg5 Be7 8. Bxe7
Nxe7 9. Nc3 Qb6 10. b3 a6 11. Na4 Qc7 12. O-O h6 13. Nc5 Nxc5 14. dxc5 Ng6 15.
Qd4 O-O-O 16. Rfe1 Ne7 17. Nh4 g5 18. g4 gxh4 19. Re3 Rhg8 20. h3 h5 21. Kf1
hxg4 22. hxg4 Rh8 23. Rh3 Ng6 24. Re1 1-0

[Event "AUTO-INT-1415"]
[Site "http://www.queenalice.com/game.php?id=636841"]
[Date "2009.8.15"]
[Round "1"]
[White "c6"]
[Black "sphagnis"]
[Result "0-1"]
[WhiteElo "1631"]
[BlackElo "1529"]

1. e4 e5 2. Nf3 Nc6 3. Bb5 d6 4. O-O Bd7 5. c3 a6 6. Ba4 b5 7. Bb3 Na5 8. Bc2
Nf6 9. d4 Nc6 10. dxe5 dxe5 11. Bg5 Bc5 12. Nbd2 h6 13. Bh4 Bg4 14. Qe2 g5 15.
Bg3 O-O 16. Rad1 Qe7 17. h3 Bh5 18. Rfe1 Rad8 19. Bh2 g4 20. hxg4 Bxg4 21. Bg3
Nh5 22. Nf1 Qe6 23. Bb3 Qf6 24. N1h2 Nxg3 0-1

[Event "AUTO-INT-1415"]
[Site "http://www.queenalice.com/game.php?id=636852"]
[Date "2009.8.15"]
[Round "1"]
[White "fbenevides"]
[Black "c6"]
[Result "1-0"]
[WhiteElo "1708"]
[BlackElo "1433"]

1. e4 c6 2. Qf3 d5 3. exd5 cxd5 4. d4 e6 5. Nc3 Nc6 6. Bb5 a6 7. Bxc6+ bxc6 8.
Nh3 Nf6 9. Ng5 h6 10. Nh3 c5 11. dxc5 Bxc5 12. O-O Bb7 13. Qg3 g5 14. Qe5 Bd6
15. Qd4 O-O 16. Na4 Nd7 17. Re1 Qf6 18. Qxf6 Nxf6 19. f3 Nd7 20. Rd1 Rac8 21.
Nc3 Rc4 22. a3 Rfc8 23. Bd2 d4 24. Ne2 Rxc2 25. b4 1-0

[Event "AUTO-INT-1415"]
[Site "http://www.queenalice.com/game.php?id=636853"]
[Date "2009.8.15"]
[Round "1"]
[White "c6"]
[Black "fbenevides"]
[Result "0-1"]
[WhiteElo "1438"]
[BlackElo "1703"]

1. e4 e5 2. Nf3 d6 3. Bc4 h6 4. O-O Nf6 5. Re1 a6 6. h3 b5 7. Bb3 Bb7 8. d3 c5
9. c3 a5 10. a4 b4 11. c4 Nc6 12. Nbd2 g5 13. Nf1 Rg8 14. Ne3 Ne7 15. Nf5 Nxf5
16. exf5 g4 17. hxg4 Nxg4 18. g3 Qf6 19. Nh4 Qh8 20. Qd2 h5 21. Bd1 Be7 22. Bf3
Bxf3 23. Nxf3 Qh7 24. Qe2 Qxf5 25. Qe4 Qxe4 26. dxe4 O-O-O 27. b3 Bf6 0-1

[Event "AUTO-INT-1415"]
[Site "http://www.queenalice.com/game.php?id=636860"]
[Date "2009.8.15"]
[Round "1"]
[White "c6"]
[Black "bhblakie"]
[Result "0-1"]
[WhiteElo "1367"]
[BlackElo "1569"]

1. e4 e5 2. Nf3 d6 3. Bc4 h6 4. Nc3 c6 5. h3 g5 6. d4 f6 7. dxe5 dxe5 8. Qxd8+
Kxd8 9. Be3 Ne7 10. O-O-O+ Nd7 11. Rd3 Kc7 12. Rhd1 Bg7 0-1

[Event "AUTO-INT-1415"]
[Site "http://www.queenalice.com/game.php?id=636861"]
[Date "2009.8.15"]
[Round "1"]
[White "bhblakie"]
[Black "c6"]
[Result "1-0"]
[WhiteElo "1560"]
[BlackElo "1376"]

1. e4 c6 2. d3 d5 3. f3 dxe4 4. dxe4 Qxd1+ 5. Kxd1 e5 6. b3 Be6 7. Bb2 Nd7 8. c4
Bb4 9. Ne2 O-O-O 10. Nc1 f6 11. Nd3 Ba5 12. Kc2 1-0